Sentence skills : (Record no. 1932)
[ view plain ]
| 000 -LEADER | |
|---|---|
| fixed length control field | 00972cam a2200253 a 4500 |
| 001 - CONTROL NUMBER | |
| control field | 234447 |
| 005 - DATE AND TIME OF LATEST TRANSACTION | |
| control field | 20241203114351.0 |
| 008 - FIXED-LENGTH DATA ELEMENTS--GENERAL INFORMATION | |
| fixed length control field | 990510s1999 mau 001 0 eng |
| 020 ## - INTERNATIONAL STANDARD BOOK NUMBER | |
| International Standard Book Number | 007037127X |
| 050 00 - LIBRARY OF CONGRESS CALL NUMBER | |
| Classification number | PE1441 |
| Item number | .L354 1998b |
| 082 00 - DEWEY DECIMAL CLASSIFICATION NUMBER | |
| Classification number | 808/.042 |
| Edition information | 21 |
| 100 1# - MAIN ENTRY--PERSONAL NAME | |
| Personal name | Langan, John, |
| Dates associated with a name | 1942- |
| 245 10 - TITLE STATEMENT | |
| Title | Sentence skills : |
| Remainder of title | a workbook for writers : form B / |
| Statement of responsibility, etc. | John Langan. |
| 250 ## - EDITION STATEMENT | |
| Edition statement | 6th ed. |
| 260 ## - PUBLICATION, DISTRIBUTION, ETC. | |
| Place of publication, distribution, etc. | Boston : |
| Name of publisher, distributor, etc. | McGraw-Hill, |
| Date of publication, distribution, etc. | c1998. |
| 300 ## - PHYSICAL DESCRIPTION | |
| Extent | xiv, 554 p. ; |
| Dimensions | 24 cm. |
| 500 ## - GENERAL NOTE | |
| General note | Includes index. |
| 650 #0 - SUBJECT ADDED ENTRY--TOPICAL TERM | |
| Topical term or geographic name entry element | English language |
| General subdivision | Sentences |
| -- | Problems, exercises, etc. |
| 650 #0 - SUBJECT ADDED ENTRY--TOPICAL TERM | |
| Topical term or geographic name entry element | English language |
| General subdivision | Grammar |
| -- | Problems, exercises, etc. |
| 856 42 - ELECTRONIC LOCATION AND ACCESS | |
| Materials specified | Publisher description |
| Uniform Resource Identifier | <a href="http://www.loc.gov/catdir/description/mh023/99204699.html">http://www.loc.gov/catdir/description/mh023/99204699.html</a> |
| 856 41 - ELECTRONIC LOCATION AND ACCESS | |
| Materials specified | Table of contents |
| Uniform Resource Identifier | <a href="http://www.loc.gov/catdir/toc/mh023/99204699.html">http://www.loc.gov/catdir/toc/mh023/99204699.html</a> |
| 856 42 - ELECTRONIC LOCATION AND ACCESS | |
| Materials specified | Contributor biographical information |
| Uniform Resource Identifier | <a href="http://www.loc.gov/catdir/enhancements/fy0735/99204699-b.html">http://www.loc.gov/catdir/enhancements/fy0735/99204699-b.html</a> |
| 942 ## - ADDED ENTRY ELEMENTS (KOHA) | |
| Source of classification or shelving scheme | Library of Congress Classification |
| Koha item type | Books |
| Suppress in OPAC | No |
| 999 ## - | |
| -- | 1932 |
| -- | 1932 |
| Withdrawn status | Lost status | Source of classification or shelving scheme | Damaged status | Not for loan | Collection | Home library | Current library | Shelving location | Date acquired | Total checkouts | Full call number | Barcode | Date last seen | Copy number | Price effective from | Koha item type |
|---|---|---|---|---|---|---|---|---|---|---|---|---|---|---|---|---|
| Library of Congress Classification | Non-fiction | Business Library (Miotso) | Business Library (Miotso) | General stacks | 03/27/2026 | PE1441 LAN | BSSM00003486 | 04/22/2026 | 2 | 03/27/2026 | Books | |||||
| Library of Congress Classification | Non-fiction | Business Library (Miotso) | Business Library (Miotso) | General stacks | 03/27/2026 | PE1441 LAN | BSSM00003487 | 04/22/2026 | 3 | 03/27/2026 | Books | |||||
| Library of Congress Classification | Non-fiction | Undergraduate Library (Christ Temple) | Undergraduate Library (Christ Temple) | General stacks | 12/03/2024 | PE1441 LAN | ulct00000493 | 12/03/2024 | 1 | 12/03/2024 | Books |